[Event "?"]
[Site "ICS rated blitz match, 164.58"]
[Date "1997.??.??"]
[Round "?"]
[White "Brause"]
[Black "nille"]
[Result "1-0"]
[WhiteElo "2350"]
[BlackElo "1945"]
[PlyCount "85"]

1. e4 e5 2. Nf3 Nc6 3. Nc3 Nf6 4. Nxe5 Nxe5 5. d4 Ng6 6. e5 Ng8 7. Bc4 d5 8.
Bxd5 c6 9. Bb3 Be6 10. O-O Bxb3 11. axb3 N8e7 12. Bg5 Qd7 13. Ne4 Nf5 14. c3 h6
15. Bd2 Be7 16. Qg4 O-O 17. Ng3 Ngh4 18. Bxh6 Qd5 19. Nxf5 Nxf5 20. Qxf5 gxh6
21. b4 Kh8 22. Ra5 Qe6 23. Qxe6 fxe6 24. f4 a6 25. g3 Rf7 26. Kf2 Kh7 27. Ke3
h5 28. Ke4 Rg8 29. Rf3 Rf5 30. d5 cxd5+ 31. Rxd5 Rxf4+ 32. gxf4 exd5+ 33. Kxd5
Rg2 34. Ke6 Bf8 35. Kf7 Bh6 36. e6 Rg7+ 37. Ke8 Kg6 38. Rg3+ Kf6 39. Rxg7 Bxg7
40. e7 Ke6 41. f5+ Kxf5 42. Kd7 Be5 43. e8=Q 1-0

[Event "?"]
[Site "ICS rated blitz match, 164.58"]
[Date "1997.??.??"]
[Round "?"]
[White "Brause"]
[Black "oldtimer"]
[Result "1-0"]
[WhiteElo "2340"]
[BlackElo "2160"]
[PlyCount "93"]

1. e4 e5 2. Nf3 Nc6 3. Nc3 Nf6 4. Nxe5 Nxe5 5. d4 Ng6 6. e5 Ng8 7. Bc4 d5 8.
Bxd5 c6 9. Bb3 Bb4 10. O-O Bxc3 11. bxc3 Be6 12. Ba3 N8e7 13. Bxe6 fxe6 14. Rb1
b6 15. Qd3 O-O 16. Bd6 Qe8 17. Qc4 Qf7 18. Rbd1 Nf4 19. Bxe7 Qxe7 20. g3 Nd5
21. Qb3 b5 22. c4 bxc4 23. Qxc4 c5 24. Qxc5 Qxc5 25. dxc5 Rfc8 26. c4 Ne7 27.
Rd7 Nc6 28. f4 Rab8 29. Rf3 Rb1+ 30. Kg2 Rc1 31. Rb3 Nd8 32. Rbd3 Nc6 33. Rb7
Nb8 34. Rxa7 Rxc4 35. Rd6 R4xc5 36. Rxe6 Nc6 37. Ra4 Rc2+ 38. Kh3 Rd8 39. Ra6
Nb4 40. Rad6 Ra8 41. a3 Rxa3 42. Rd7 Ra8 43. Ree7 Nc6 44. Rxg7+ Kf8 45. Rdf7+
Ke8 46. e6 Nd4 47. Rg8# 1-0

[Event "?"]
[Site "ICS rated blitz match, 164.58"]
[Date "1997.??.??"]
[Round "?"]
[White "Brause"]
[Black "oldtimer"]
[Result "1-0"]
[WhiteElo "2345"]
[BlackElo "2155"]
[PlyCount "77"]

1. e4 e5 2. Nf3 Nc6 3. Nc3 Nf6 4. Nxe5 Nxe5 5. d4 Ng6 6. e5 Ng8 7. Bc4 d5 8.
Bxd5 c6 9. Bb3 Bb4 10. O-O Bxc3 11. bxc3 Be6 12. Ba3 N8e7 13. Bxe6 fxe6 14. Rb1
b6 15. Qd3 O-O 16. Bd6 Qe8 17. Rbe1 Nf4 18. Qf3 Rc8 19. Re4 Nfg6 20. Qd3 Rf4
21. Rxf4 Nxf4 22. Qa6 Qd7 23. Bxe7 Re8 24. Bd6 Qf7 25. Re1 Qg6 26. g3 Qg4 27.
Qf1 Nh3+ 28. Kg2 Nf4+ 29. Kh1 Qf3+ 30. Kg1 Ng6 31. Re3 Qd5 32. Qa6 h5 33. Qxa7
h4 34. Qxb6 h3 35. f3 Qxa2 36. Qxc6 Ra8 37. Re1 Qxc2 38. Qxa8+ Kh7 39. f4 1-0

[Event "?"]
[Site "ICS rated blitz match, 164.58"]
[Date "1997.??.??"]
[Round "?"]
[White "Brause"]
[Black "oldtimer"]
[Result "1-0"]
[WhiteElo "2350"]
[BlackElo "2150"]
[PlyCount "87"]

1. e4 e5 2. Nf3 Nc6 3. Nc3 Nf6 4. Nxe5 Nxe5 5. d4 Ng6 6. e5 Ng8 7. Bc4 d5 8.
Bxd5 Bb4 9. Qf3 Qd7 10. Bxb7 Bxb7 11. Qxb7 Bxc3+ 12. bxc3 Rd8 13. Rb1 N8e7 14.
O-O O-O 15. Ba3 Rfe8 16. Qxa7 Ra8 17. Qc5 Qf5 18. Rb2 Nf4 19. f3 Qg5 20. g4
Ned5 21. Kh1 Qh4 22. Rb7 Ne3 23. Qxc7 Ne6 24. Qxf7+ Kh8 25. Be7 Qh3 26. Rf2 Nd1
27. Rg2 Ne3 28. Rg3 Qf1+ 29. Rg1 Qf2 30. a3 Rg8 31. g5 Raf8 32. Bxf8 Rxf8 33.
d5 Rxf7 34. Rxf7 Nxd5 35. Rg2 Qe1+ 36. Rg1 Qxc3 37. Rb1 Qc8 38. Rfb7 Nf8 39.
Rb8 Qf5 40. R1b3 Nf4 41. Re3 h5 42. Re1 Qh3 43. Rxf8+ Kh7 44. Rxf4 1-0

[Event "?"]
[Site "ICS rated blitz match, 164.58"]
[Date "1997.??.??"]
[Round "?"]
[White "Brause"]
[Black "oldtimer"]
[Result "1-0"]
[WhiteElo "2355"]
[BlackElo "2145"]
[PlyCount "67"]

1. e4 e5 2. Nf3 Nc6 3. Nc3 Nf6 4. Nxe5 Nxe5 5. d4 Ng6 6. e5 Ng8 7. Bc4 d5 8.
Bxd5 Bb4 9. Qf3 Qd7 10. Bxb7 Bxb7 11. Qxb7 Bxc3+ 12. bxc3 Rd8 13. Rb1 N8e7 14.
O-O O-O 15. Ba3 Rfe8 16. Qxa7 Ra8 17. Qc5 Qf5 18. Rfe1 Nf4 19. Bc1 Ne6 20. Qc4
Qxc2 21. Rb2 Qa4 22. Qd3 c5 23. d5 c4 24. Qf3 Nc5 25. Rbe2 Nd3 26. Rf1 Ng6 27.
e6 fxe6 28. dxe6 Ra7 29. Qg4 Qb5 30. Bg5 Rf8 31. e7 Re8 32. Qe6+ Kh8 33. Qf7
Nde5 34. Rxe5 1-0

[Event "?"]
[Site "ICS rated blitz match, 164.58"]
[Date "1997.??.??"]
[Round "?"]
[White "Brause"]
[Black "oldtimer"]
[Result "0-1"]
[WhiteElo "2365"]
[BlackElo "2140"]
[PlyCount "214"]

1. e4 e5 2. Nf3 Nc6 3. Nc3 Nf6 4. Nxe5 Nxe5 5. d4 Ng6 6. e5 Ng8 7. Bc4 d5 8.
Bxd5 Bb4 9. Qf3 Qd7 10. Bxb7 Bxb7 11. Qxb7 Bxc3+ 12. bxc3 Rd8 13. Rb1 N8e7 14.
O-O O-O 15. Ba3 Rfe8 16. Qxa7 Ra8 17. Qc5 Qf5 18. Rfe1 Nf4 19. Bc1 Ne6 20. Qc4
Qxc2 21. Rb2 Qa4 22. Qxa4 Rxa4 23. f4 h5 24. Rf1 g6 25. g3 Rea8 26. Rff2 Nd5
27. Rfc2 Rc4 28. Bd2 c5 29. dxc5 Rc8 30. Rb7 R4xc5 31. Kf2 Nxc3 32. Bxc3 Rxc3
33. Rxc3 Rxc3 34. Rb2 Nd4 35. Kg2 Ra3 36. Kf1 Kf8 37. Kf2 Kg7 38. Kg1 h4 39.
gxh4 Nf3+ 40. Kg2 Nxh4+ 41. Kf1 Nf5 42. Rf2 Kf8 43. Kg1 Ke7 44. Kh1 Ke6 45. Rb2
Ra4 46. Rb6+ Ke7 47. Rb7+ Ke6 48. Rb6+ Kd5 49. Rb2 Rxf4 50. Rb5+ Ke6 51. a3 Ne3
52. h3 Ra4 53. Rb3 Nc2 54. Rb8 Kxe5 55. Rb5+ Kf6 56. Rc5 Nxa3 57. Kg2 Rc4 58.
Ra5 Rc3 59. Ra7 Nc4 60. Ra1 Kg5 61. Ra6 Ne5 62. Ra4 f5 63. h4+ Kh5 64. Kf1 Rc4
65. Ra8 Kxh4 66. Ra5 Re4 67. Ra2 Ng4 68. Kg2 g5 69. Rd2 Ne5 70. Kf1 g4 71. Rh2+
Kg3 72. Ra2 Nf3 73. Rg2+ Kf4 74. Kf2 Ra4 75. Ke2 Ra2+ 76. Kf1 Ra1+ 77. Ke2 g3
78. Rxg3 Kxg3 79. Kd3 Rc1 80. Ke2 Rc3 81. Kd1 Nd4 82. Kd2 Ra3 83. Kc1 Ra2 84.
Kb1 Rc2 85. Ka1 Kf3 86. Kb1 Ke3 87. Ka1 Kd3 88. Kb1 Kc3 89. Ka1 Kb3 90. Kb1 Ra2
91. Kc1 Rb2 92. Kd1 Rc2 93. Ke1 Kc3 94. Kf1 Kd3 95. Kg1 Re2 96. Kf1 Ke3 97. Kg1
Kf3 98. Kf1 f4 99. Kg1 Nf5 100. Kf1 Ne3+ 101. Kg1 Kg3 102. Kh1 f3 103. Kg1 Kh4
104. Kh1 Kh3 105. Kg1 Nf5 106. Kf1 Ng3+ 107. Kg1 f2# 0-1

[Event "?"]
[Site "ICS rated blitz match, 164.58"]
[Date "1997.??.??"]
[Round "?"]
[White "Brause"]
[Black "oldtimer"]
[Result "1-0"]
[WhiteElo "2350"]
[BlackElo "2150"]
[PlyCount "89"]

1. e4 e5 2. Nf3 Nc6 3. Nc3 Nf6 4. Nxe5 Nxe5 5. d4 Ng6 6. e5 Ng8 7. Bc4 d5 8.
Bxd5 Bb4 9. Qf3 Qd7 10. Bxb7 Bxb7 11. Qxb7 Bxc3+ 12. bxc3 Rd8 13. Rb1 N8e7 14.
O-O O-O 15. Ba3 Rfe8 16. Qxa7 Ra8 17. Qc5 Qf5 18. Rfe1 Nf4 19. Bc1 Ne6 20. Qc4
Qxc2 21. Rb2 Qa4 22. Qxa4 Rxa4 23. f4 h5 24. Rf1 g6 25. Bd2 Rea8 26. Ra1 Nd5
27. g3 Nb6 28. Be1 Nc4 29. Re2 c6 30. Kh1 Kf8 31. Kg1 Ke7 32. Rf2 Ng7 33. h3
Nf5 34. Re2 Ke6 35. Kf2 Ne7 36. Kg2 Nd5 37. Kh1 Ra3 38. Kg1 R8a4 39. Rc2 Kd7
40. Kf2 Ke7 41. Ke2 Nde3 42. Rcc1 Rxa2+ 43. Rxa2 Rxa2+ 44. Kd3 Ra4 45. Rb1 1-0

[Event "?"]
[Site "ICS rated blitz match, 164.58"]
[Date "1997.??.??"]
[Round "?"]
[White "Brause"]
[Black "Chell"]
[Result "1-0"]
[WhiteElo "2350"]
[BlackElo "2675"]
[PlyCount "35"]

1. e4 e5 2. Nf3 Nc6 3. Nc3 Nf6 4. Nxe5 Nxe5 5. d4 Neg4 6. e5 Qe7 7. Be2 Nxf2 8.
Kxf2 Ng8 9. Nd5 Qh4+ 10. Kg1 Kd8 11. Bf4 d6 12. Qd2 dxe5 13. Bg5+ Qxg5 14.
Qxg5+ f6 15. Qd2 exd4 16. Qxd4 b6 17. Nxb6+ Bd6 18. Nxa8 1-0

[Event "?"]
[Site "ICS rated blitz match, 164.58"]
[Date "1997.??.??"]
[Round "?"]
[White "Brause"]
[Black "sadatsugu"]
[Result "1-0"]
[WhiteElo "2375"]
[BlackElo "1895"]
[PlyCount "45"]

1. e4 e5 2. Nf3 Nc6 3. Nc3 Nf6 4. Nxe5 Nxe5 5. d4 Nc6 6. d5 Nb8 7. e5 Ng8 8. d6
cxd6 9. exd6 Qa5 10. Bf4 Nf6 11. Qe2+ Kd8 12. O-O-O Nc6 13. Qe3 h6 14. Bc4 g5
15. Bg3 Bg7 16. Bxf7 b5 17. Qd3 b4 18. Nb5 Ba6 19. Qg6 Rh7 20. Nc7 Rc8 21. Rhe1
Rxc7 22. Qxh7 Rc8 23. Qg8+ 1-0

[Event "?"]
[Site "ICS rated blitz match, 164.58"]
[Date "1997.??.??"]
[Round "?"]
[White "Brause"]
[Black "sadatsugu"]
[Result "1-0"]
[WhiteElo "2375"]
[BlackElo "1895"]
[PlyCount "49"]

1. e4 e5 2. Nf3 Nc6 3. Nc3 Nf6 4. Nxe5 Nxe5 5. d4 Ng6 6. e5 Ng8 7. Bc4 Bb4 8.
Qf3 Qe7 9. O-O Bxc3 10. bxc3 Nh6 11. g3 d6 12. exd6 cxd6 13. Bxh6 gxh6 14. Rfe1
Be6 15. d5 O-O 16. dxe6 fxe6 17. Rxe6 Rxf3 18. Rxe7+ Kh8 19. Rxb7 Rxc3 20. Bd3
Re8 21. Rxa7 Ne5 22. Rb1 Nxd3 23. cxd3 Rxd3 24. Rbb7 Re2 25. Rb8+ 1-0

[Event "?"]
[Site "ICS rated blitz match, 164.58"]
[Date "1997.??.??"]
[Round "?"]
[White "Brause"]
[Black "sadatsugu"]
[Result "1-0"]
[WhiteElo "2375"]
[BlackElo "1895"]
[PlyCount "45"]

1. e4 e5 2. Nf3 Nc6 3. Nc3 Nf6 4. Nxe5 Nxe5 5. d4 Nc6 6. d5 Ne5 7. f4 Ng6 8. e5
Ng8 9. d6 cxd6 10. exd6 Qb6 11. Qe2+ Kd8 12. f5 Bxd6 13. fxg6 hxg6 14. Nb5 Bg3+
15. Kd1 a6 16. Qf3 Nf6 17. Be3 Qe6 18. Qxg3 axb5 19. Bxb5 Rxa2 20. Rxa2 Qxa2
21. Bb6+ Ke8 22. Qc7 Qa8 23. Qd8# 1-0

[Event "?"]
[Site "ICS rated blitz match, 164.58"]
[Date "1997.??.??"]
[Round "?"]
[White "Brause"]
[Black "sadatsugu"]
[Result "1-0"]
[WhiteElo "2375"]
[BlackElo "1895"]
[PlyCount "61"]

1. e4 e5 2. Nf3 Nc6 3. Nc3 Nf6 4. Nxe5 Nxe5 5. d4 Nc6 6. d5 Nb8 7. e5 Qe7 8.
Qe2 Ng8 9. d6 Qe6 10. Nb5 Na6 11. dxc7 Bc5 12. Bf4 Ne7 13. Nd6+ Bxd6 14. exd6
Qxe2+ 15. Bxe2 Nc6 16. Bxa6 bxa6 17. O-O-O O-O 18. Rhe1 a5 19. c4 Ba6 20. c5
Bc4 21. b3 Be6 22. Re4 Nb4 23. Rd2 Nd5 24. Be5 Rfc8 25. Red4 a6 26. Rxd5 Bxd5
27. Rxd5 f6 28. Bg3 Kf7 29. c6 dxc6 30. Rd3 Ke6 31. d7 1-0

[Event "?"]
[Site "ICS rated blitz match, 164.58"]
[Date "1997.??.??"]
[Round "?"]
[White "Brause"]
[Black "sadatsugu"]
[Result "1-0"]
[WhiteElo "2380"]
[BlackElo "1895"]
[PlyCount "35"]

1. e4 e5 2. Nf3 Nc6 3. Nc3 Nf6 4. Nxe5 Nxe5 5. d4 Nc6 6. d5 Nb8 7. e5 Ng8 8. d6
Nc6 9. Nb5 cxd6 10. exd6 Bxd6 11. Nxd6+ Kf8 12. Be2 Nf6 13. O-O b6 14. Re1 Ne8
15. Bc4 Nxd6 16. Qxd6+ Kg8 17. Qd5 Qf6 18. Re8# 1-0

[Event "?"]
[Site "ICS rated blitz match, 164.58"]
[Date "1997.??.??"]
[Round "?"]
[White "Brause"]
[Black "sadatsugu"]
[Result "0-1"]
[WhiteElo "2380"]
[BlackElo "1890"]
[PlyCount "122"]

1. e4 e5 2. Nf3 Nc6 3. Nc3 Nf6 4. Nxe5 Nxe5 5. d4 Ng6 6. e5 Ng8 7. Bc4 d5 8.
Bxd5 c6 9. Bb3 Bb4 10. O-O N8e7 11. Ne4 O-O 12. c3 Ba5 13. Qh5 Be6 14. Bxe6
fxe6 15. Ng5 h6 16. Nxe6 Qd5 17. Nxf8 Rxf8 18. Be3 Qe6 19. Qd1 Bd8 20. Qb3 Nd5
21. Qxb7 Bg5 22. Bxg5 hxg5 23. Qxa7 Ngf4 24. h3 Nxh3+ 25. gxh3 Qxh3 26. f4 Nxf4
27. Rxf4 Rxf4 28. Qa8+ Kh7 29. Qxc6 Rg4+ 30. Kf2 Qh2+ 31. Ke3 Rg3+ 32. Qf3
Rxf3+ 33. Kxf3 Qf4+ 34. Ke2 Qe4+ 35. Kd2 g4 36. Re1 Qf3 37. a4 g3 38. b4 g2 39.
Kc2 Qf2+ 40. Kd1 Qxe1+ 41. Kxe1 g1=Q+ 42. Kd2 Qf2+ 43. Kd3 g5 44. e6 g4 45. e7
Qe1 46. b5 g3 47. a5 g2 48. e8=Q Qxe8 49. c4 g1=Q 50. Kc3 Qg3+ 51. Kb4 Qee3 52.
b6 Qb3+ 53. Kc5 Qa3+ 54. Kc6 Qg6+ 55. Kb7 Qxa5 56. c5 Qe6 57. Kc7 Qb5 58. Kb8
Qbc6 59. Ka7 Qee8 60. b7 Qed7 61. d5 Qdxb7# 0-1

[Event "?"]
[Site "ICS rated blitz match, 164.58"]
[Date "1997.??.??"]
[Round "?"]
[White "Brause"]
[Black "sadatsugu"]
[Result "1-0"]
[WhiteElo "2365"]
[BlackElo "1905"]
[PlyCount "129"]

1. e4 e5 2. Nf3 Nc6 3. Nc3 Nf6 4. Nxe5 Nxe5 5. d4 Ng6 6. e5 Ng8 7. Bc4 d5 8.
Bxd5 c6 9. Bb3 Bb4 10. O-O Bxc3 11. bxc3 Be6 12. Ba3 Bxb3 13. cxb3 N8e7 14. Bc5
O-O 15. Qg4 Re8 16. c4 Qc8 17. Qxc8 Rexc8 18. Rad1 b6 19. Bd6 Nf5 20. g4 Nxd6
21. exd6 Rd8 22. c5 bxc5 23. dxc5 Ne5 24. f3 Nd7 25. Rc1 Re8 26. f4 Re4 27. Kg2
Rae8 28. Rc2 Kf8 29. Kg3 a5 30. Rff2 a4 31. Rc3 Rb4 32. bxa4 Rxa4 33. Rb2 Ra5
34. Kg2 Nxc5 35. Rbc2 Ne6 36. Rxc6 Nxf4+ 37. Kg3 Ne6 38. Rd2 Rd8 39. Rb6 Ra3+
40. Rb3 Ra6 41. a4 Raxd6 42. Rxd6 Rxd6 43. a5 Ra6 44. Rb5 Ke7 45. Rd5 Kf6 46.
h4 h6 47. Kf3 Ke7 48. Ke3 Rd6 49. Rb5 Ra6 50. Rd5 Nc7 51. Re5+ Re6 52. Kd4 Rxe5
53. Kxe5 Kd7 54. Kd4 Kc6 55. Kc4 Na6 56. h5 g6 57. g5 Nb8 58. gxh6 Nd7 59. h7
Ne5+ 60. Kd4 Nf3+ 61. Kc3 gxh5 62. h8=Q Kb5 63. Qxh5+ Ka6 64. Qxf3 Kxa5 65. Qb7
1-0

[Event "?"]
[Site "ICS rated blitz match, 164.58"]
[Date "1997.??.??"]
[Round "?"]
[White "Brause"]
[Black "sadatsugu"]
[Result "1-0"]
[WhiteElo "2370"]
[BlackElo "1905"]
[PlyCount "63"]

1. e4 e5 2. Nf3 Nc6 3. Nc3 Nf6 4. Nxe5 Nxe5 5. d4 Ng6 6. e5 Ng8 7. Bc4 d5 8.
Bxd5 c6 9. Bb3 Bb4 10. O-O Bxc3 11. bxc3 Be6 12. Ba3 Bxb3 13. cxb3 N8e7 14. Bc5
O-O 15. Qg4 Re8 16. c4 b6 17. Bd6 Qc8 18. Qxc8 Raxc8 19. Rfd1 Nf5 20. g4 Nxd6
21. exd6 Rcd8 22. c5 bxc5 23. dxc5 Ne5 24. h3 Nd7 25. b4 Re4 26. Rab1 Rb8 27.
b5 Rc8 28. bxc6 Rxc6 29. Rb7 Rxc5 30. Rxd7 Re8 31. Rc7 Rd8 32. Rxc5 1-0

[Event "?"]
[Site "ICS rated blitz match, 164.58"]
[Date "1997.??.??"]
[Round "?"]
[White "Brause"]
[Black "struppi"]
[Result "1/2-1/2"]
[WhiteElo "2370"]
[BlackElo "2185"]
[PlyCount "106"]

1. e4 e5 2. Nf3 Nc6 3. Nc3 Nf6 4. Nxe5 Nxe5 5. d4 Ng6 6. e5 Ng8 7. Bc4 d6 8.
Qf3 f6 9. O-O dxe5 10. dxe5 Nxe5 11. Qe4 Ne7 12. Rd1 Bd7 13. Be6 Qc8 14. Rxd7
Nxd7 15. Be3 Nc6 16. Rd1 Bd6 17. Nb5 Ke7 18. Bh3+ Kf8 19. Nxd6 cxd6 20. Rxd6
Qe8 21. Qxe8+ Kxe8 22. Bxd7+ Ke7 23. Bc5 Rad8 24. Rd3+ Kf7 25. f4 g5 26. a3
gxf4 27. Bxc6 bxc6 28. Bxa7 Rxd3 29. cxd3 Ra8 30. Bc5 Rb8 31. Bd4 Rd8 32. Bc3
Rxd3 33. Kf2 Ke6 34. a4 c5 35. a5 Rd6 36. Kf3 Kf5 37. Kf2 c4 38. Kf3 h5 39. Kf2
Ke4 40. h4 f5 41. Bb4 Rg6 42. Bc3 Rc6 43. Bd2 Ra6 44. Bc3 Rd6 45. Ke2 Rg6 46.
Kf2 Rd6 47. Be1 Rd1 48. Bb4 Ra1 49. Bc3 Ra4 50. Ke2 Ra2 51. Kf2 Ra4 52. Be1 Ra2
53. Bc3 Ra4 1/2-1/2

[Event "?"]
[Site "ICS rated blitz match, 164.58"]
[Date "1997.??.??"]
[Round "?"]
[White "Brause"]
[Black "sadatsugu"]
[Result "1-0"]
[WhiteElo "2365"]
[BlackElo "1905"]
[PlyCount "87"]

1. e4 e5 2. Nf3 Nc6 3. Nc3 Nf6 4. Nxe5 Nxe5 5. d4 Ng6 6. e5 Ng8 7. Bc4 d5 8.
Bxd5 c6 9. Bb3 Bb4 10. O-O Bxc3 11. bxc3 Be6 12. f4 Bxb3 13. cxb3 N8e7 14. f5
Nf8 15. f6 gxf6 16. exf6 Nd5 17. c4 Nxf6 18. Bg5 N8d7 19. Qe1+ Qe7 20. Rxf6
Nxf6 21. Bxf6 Qxe1+ 22. Rxe1+ Kd7 23. Re7+ Kd6 24. c5+ Kd5 25. Re5+ Kxd4 26.
Re8+ Kxc5 27. Rxh8 Rxh8 28. Bxh8 Kb4 29. Bb2 a5 30. Kf2 a4 31. bxa4 Kxa4 32.
Ke3 b5 33. Kd4 Kb4 34. g4 c5+ 35. Kd5 c4 36. Kd4 Ka4 37. Kc5 Ka5 38. Bc3+ Ka4
39. Bb4 h6 40. h4 f6 41. h5 c3 42. Bxc3 Ka3 43. Bxf6 b4 44. Bg7 1-0

[Event "?"]
[Site "ICS rated blitz match, 164.58"]
[Date "1997.??.??"]
[Round "?"]
[White "Brause"]
[Black "sadatsugu"]
[Result "1-0"]
[WhiteElo "2370"]
[BlackElo "1900"]
[PlyCount "121"]

1. e4 e5 2. Nf3 Nc6 3. Nc3 Nf6 4. Nxe5 Nxe5 5. d4 Ng6 6. e5 Ng8 7. Bc4 d5 8.
Bxd5 c6 9. Bb3 Bb4 10. O-O Bxc3 11. bxc3 Be6 12. Ba3 Bxb3 13. cxb3 N8e7 14. Qg4
Qc8 15. Qe4 O-O 16. c4 Re8 17. Rae1 Qf5 18. Bc5 b6 19. Bxe7 Nxe7 20. Qxf5 Nxf5
21. d5 cxd5 22. cxd5 Rad8 23. d6 Nd4 24. f3 f6 25. exf6 gxf6 26. Rxe8+ Rxe8 27.
Rd1 Ne6 28. Kf2 Rd8 29. Kg3 Kf7 30. Kf2 Nc5 31. Ke3 Nb7 32. Rc1 Ke6 33. Kf4
Rxd6 34. Re1+ Kf7 35. Re2 Nc5 36. g4 Rd4+ 37. Ke3 Rd3+ 38. Kf4 Ne6+ 39. Ke4
Nc5+ 40. Kf4 a5 41. h4 b5 42. Rf2 b4 43. Re2 Rc3 44. Rh2 Nd3+ 45. Kg3 Ne1 46.
Rf2 Rc2 47. Rxc2 Nxc2 48. Kf4 Ke6 49. Ke4 Kd6 50. f4 Ne1 51. Kf5 Nf3 52. Kxf6
Nd4 53. Kg7 Nxb3 54. axb3 a4 55. f5 a3 56. f6 a2 57. f7 a1=Q+ 58. Kg8 Qb1 59.
f8=Q+ Ke6 60. h5 Qxb3 61. Qf7+ 1-0

[Event "?"]
[Site "ICS rated blitz match, 164.58"]
[Date "1997.??.??"]
[Round "?"]
[White "Brause"]
[Black "sadatsugu"]
[Result "1-0"]
[WhiteElo "2370"]
[BlackElo "1900"]
[PlyCount "83"]

1. e4 e5 2. Nf3 Nc6 3. Nc3 Nf6 4. Nxe5 Nxe5 5. d4 Ng6 6. e5 Ng8 7. Bc4 d5 8.
Bxd5 c6 9. Bb3 Bb4 10. O-O Bxc3 11. bxc3 Be6 12. f4 N8e7 13. g4 Bxb3 14. cxb3
Qb6 15. Qe1 O-O-O 16. f5 Rxd4 17. cxd4 Qxd4+ 18. Be3 Qxg4+ 19. Qg3 Nxe5 20.
Bxa7 Rd8 21. Qxg4 Nxg4 22. Rae1 Nd5 23. Bd4 f6 24. h3 Nh6 25. Re4 b6 26. h4 Kc7
27. h5 Nf7 28. Rg4 Ng5 29. Kf2 Re8 30. Re1 Rd8 31. Be5+ Kb7 32. Bg3 Ka6 33. Rd4
c5 34. Rd3 Nh3+ 35. Kf3 Ng5+ 36. Kg4 Kb5 37. a4+ Kc6 38. Bf4 Nf7 39. Re6+ Kb7
40. Rxd5 Rxd5 41. Re7+ Kc6 42. Rc7# 1-0

[Event "?"]
[Site "ICS rated blitz match, 164.58"]
[Date "1997.??.??"]
[Round "?"]
[White "Brause"]
[Black "sadatsugu"]
[Result "1-0"]
[WhiteElo "2370"]
[BlackElo "1900"]
[PlyCount "79"]

1. e4 e5 2. Nf3 Nc6 3. Nc3 Nf6 4. Nxe5 Nxe5 5. d4 Ng6 6. e5 Ng8 7. Bc4 d5 8.
Bxd5 Bb4 9. Qf3 Be6 10. Bxe6 fxe6 11. Qxb7 Bxc3+ 12. bxc3 N8e7 13. Rb1 O-O 14.
Ba3 Rb8 15. Qxb8 Qxb8 16. Rxb8 Rxb8 17. Kd2 Rd8 18. Rb1 Nd5 19. Rb7 Nb6 20.
Rxc7 Rc8 21. Rxa7 Nc4+ 22. Ke1 Nxa3 23. Rxa3 Nf4 24. g3 Nd5 25. Kd2 Kf7 26. Kd3
Nb6 27. Ra7+ Kg6 28. Rb7 Nc4 29. a4 h5 30. f3 h4 31. gxh4 Kh6 32. Rb4 Na5 33.
Rb5 Ra8 34. Rb6 Kh5 35. Rxe6 Kxh4 36. Rg6 Ra7 37. d5 Kh3 38. e6 Kxh2 39. c4 Rc7
40. d6 1-0

[Event "?"]
[Site "ICS rated blitz match, 164.58"]
[Date "1997.??.??"]
[Round "?"]
[White "Brause"]
[Black "sadatsugu"]
[Result "1-0"]
[WhiteElo "2375"]
[BlackElo "1895"]
[PlyCount "61"]

1. e4 e5 2. Nf3 Nc6 3. Nc3 Nf6 4. Nxe5 Nxe5 5. d4 Ng6 6. e5 Ng8 7. Bc4 d5 8.
Bxd5 Bb4 9. Qf3 Be6 10. Bxe6 fxe6 11. Qxb7 Bxc3+ 12. bxc3 N8e7 13. Rb1 O-O 14.
Ba3 Re8 15. Bxe7 Qxe7 16. O-O Rf8 17. Qa6 Nf4 18. Rb7 h5 19. Qc6 Rac8 20. Rxa7
h4 21. g3 hxg3 22. fxg3 Ne2+ 23. Kg2 Rxf1 24. Kxf1 Nc1 25. Ke1 Qf7 26. Kd2 Rb8
27. Qg2 Rb1 28. Ra8+ Kh7 29. Qe4+ g6 30. Qh4+ Kg7 31. Qh8# 1-0

[Event "?"]
[Site "ICS rated blitz match, 164.58"]
[Date "1997.??.??"]
[Round "?"]
[White "Brause"]
[Black "sadatsugu"]
[Result "1-0"]
[WhiteElo "2375"]
[BlackElo "1895"]
[PlyCount "65"]

1. e4 e5 2. Nf3 Nc6 3. Nc3 Nf6 4. Nxe5 Nxe5 5. d4 Ng6 6. e5 Ng8 7. Bc4 d5 8.
Bxd5 c6 9. Bb3 Be6 10. O-O N8e7 11. Ne4 Nd5 12. Ng5 Be7 13. Nxe6 fxe6 14. c4
Nc7 15. Bc2 c5 16. Be3 cxd4 17. Bxg6+ hxg6 18. Bxd4 O-O 19. Qg4 g5 20. Be3 Qe8
21. Qe4 b6 22. a4 Rc8 23. Qb7 Rf5 24. Qxa7 Rxe5 25. Qxb6 Qh5 26. b4 Kf7 27. Qb7
Rh8 28. h3 g4 29. Qxc7 gxh3 30. Qb7 Qg4 31. g3 Rd5 32. cxd5 Qf3 33. dxe6+ 1-0

[Event "?"]
[Site "ICS rated blitz match, 164.58"]
[Date "1997.??.??"]
[Round "?"]
[White "Brause"]
[Black "sadatsugu"]
[Result "0-1"]
[WhiteElo "2380"]
[BlackElo "1890"]
[PlyCount "126"]

1. e4 e5 2. Nf3 Nc6 3. Nc3 Nf6 4. Nxe5 Nxe5 5. d4 Ng6 6. e5 Ng8 7. Bc4 d5 8.
Bxd5 Bb4 9. Qf3 Be6 10. Bxe6 fxe6 11. Qxb7 Bxc3+ 12. bxc3 Qd5 13. Rb1 N8e7 14.
O-O O-O 15. Qxc7 Rac8 16. Qxa7 Rxc3 17. Rb7 Nh4 18. f3 Nxf3+ 19. gxf3 Rcxf3 20.
Rxf3 Qxf3 21. Qa6 Qf2+ 22. Kh1 Qe1+ 23. Kg2 Rf2+ 24. Kh3 Qc3+ 25. Qd3 Rf3+ 26.
Kg4 Rxd3 27. Rb8+ Kf7 28. cxd3 Qxc1 29. Rd8 Qd1+ 30. Kf4 Qxd3 31. Rd7 Qd2+ 32.
Kf3 Qxa2 33. Kg3 Qa4 34. Rd8 Nd5 35. Kg2 Kg6 36. h4 Qxd4 37. Re8 Qxe5 38. Rf8
Qe2+ 39. Kg3 e5 40. h5+ Kxh5 41. Rf7 Qe3+ 42. Kh2 Nf4 43. Rxg7 Kh6 44. Rg3
Qxg3+ 45. Kxg3 Kg5 46. Kf3 Kf5 47. Kf2 Nd5 48. Kf1 Ke4 49. Ke2 Kd4 50. Kf2 Kd3
51. Kg3 e4 52. Kf2 e3+ 53. Kg3 e2 54. Kf2 Kd2 55. Kf3 e1=Q 56. Kg2 Ne3+ 57. Kf3
h5 58. Kf4 Nc4 59. Kg5 Qf2 60. Kxh5 Qg3 61. Kh6 Ne5 62. Kh5 Qg4+ 63. Kh6 Qg6#
0-1

[Event "?"]
[Site "ICS rated blitz match, 164.58"]
[Date "1997.??.??"]
[Round "?"]
[White "Brause"]
[Black "albertpinto"]
[Result "1-0"]
[WhiteElo "2370"]
[BlackElo "1965"]
[PlyCount "39"]

1. e4 e5 2. Nf3 Nc6 3. Nc3 Nf6 4. Nxe5 Nxe5 5. d4 Nc6 6. d5 Ne5 7. f4 Ng6 8. e5
Ng8 9. d6 cxd6 10. exd6 Qb6 11. Qe2+ Kd8 12. f5 Bxd6 13. fxg6 hxg6 14. Nb5 Bc5
15. Bf4 Nf6 16. Bc7+ Qxc7 17. Nxc7 Kxc7 18. Qc4 Re8+ 19. Be2 Kb6 20. Qb5+ 1-0

[Event "?"]
[Site "ICS rated blitz match, 164.58"]
[Date "1997.??.??"]
[Round "?"]
[White "Brause"]
[Black "Lehitroat"]
[Result "1-0"]
[WhiteElo "2375"]
[BlackElo "2620"]
[PlyCount "33"]

1. e4 e5 2. Nf3 Nc6 3. Nc3 Nf6 4. Nxe5 Nxe5 5. d4 Nc6 6. d5 Ne5 7. f4 Ng6 8. e5
Ng8 9. d6 cxd6 10. exd6 Qb6 11. Qe2+ Kd8 12. f5 Nh4 13. Qg4 Qxd6 14. Qxh4+ Be7
15. Bg5 f6 16. Bf4 Qb6 17. O-O-O 1-0

[Event "?"]
[Site "ICS rated blitz match, 164.58"]
[Date "1997.??.??"]
[Round "?"]
[White "Brause"]
[Black "sadatsugu"]
[Result "1-0"]
[WhiteElo "2370"]
[BlackElo "1905"]
[PlyCount "109"]

1. e4 e5 2. Nf3 Nc6 3. Nc3 Nf6 4. Nxe5 Nxe5 5. d4 Ng6 6. e5 Ng8 7. Bc4 d6 8.
Qf3 Be6 9. Qxb7 Rb8 10. Bb5+ Bd7 11. Bxd7+ Kxd7 12. Qxa7 N8e7 13. exd6 Nc6 14.
Qxc7+ Qxc7 15. dxc7 Kxc7 16. Nd5+ Kd6 17. Ne3 Nxd4 18. c3 Ne6 19. O-O Kc7 20.
b4 Be7 21. a4 Bf6 22. Nd5+ Kb7 23. Nxf6 gxf6 24. a5 Rhc8 25. Bd2 Ngf4 26. Kh1
Nd3 27. a6+ Ka8 28. f4 f5 29. Ra5 Rc7 30. Rd5 Nb2 31. Ra1 Nc4 32. Bc1 Rd8 33.
Rxd8+ Nxd8 34. g3 Rd7 35. b5 Ka7 36. Ra4 Nb6 37. Be3 Ne6 38. Kg2 Nc7 39. c4 Rd3
40. Bf2 Rd2 41. Ra1 Ne6 42. Kf1 Rc2 43. Bxb6+ Kxb6 44. a7 Nc7 45. a8=Q Nxa8 46.
Rxa8 Rxc4 47. Rb8+ Kc7 48. Rf8 Rc5 49. Rxf7+ Kb6 50. Rxh7 Kxb5 51. Ke2 Kc4 52.
Ke3 Kd5 53. Rh5 Ke6 54. g4 fxg4 55. Rxc5 1-0

[Event "?"]
[Site "ICS rated blitz match, 164.58"]
[Date "1997.??.??"]
[Round "?"]
[White "Brause"]
[Black "sadatsugu"]
[Result "1-0"]
[WhiteElo "2375"]
[BlackElo "1905"]
[PlyCount "41"]

1. e4 e5 2. Nf3 Nc6 3. Nc3 Nf6 4. Nxe5 Nxe5 5. d4 Ng6 6. e5 Ng8 7. Bc4 d6 8.
Qf3 Be6 9. Qxb7 Bxc4 10. Qc6+ Ke7 11. exd6+ cxd6 12. Qxc4 Rc8 13. Qe2+ Kd7 14.
Qb5+ Ke7 15. Nd5+ Ke6 16. O-O f6 17. Re1+ Kf7 18. Qb3 Rb8 19. Nb4+ d5 20. Nc6
Qe8 21. Qxd5+ 1-0